Food values at a glance / (Record no. 184074)

000 -LEADER
fixed length control field 00952 a2200193 4500
003 - CONTROL NUMBER IDENTIFIER
control field Nust
005 - DATE AND TIME OF LATEST TRANSACTION
control field 20230504133335.0
040 ## - CATALOGING SOURCE
Transcribing agency Nust
082 ## - DEWEY DECIMAL CLASSIFICATION NUMBER
Classification number 641.3,PLI
100 ## - MAIN ENTRY--PERSONAL NAME
Personal name Violet G. Plimmer
9 (RLIN) 112123
245 ## - TITLE STATEMENT
Title Food values at a glance /
Statement of responsibility, etc. Violet G. Plimmer
250 ## - EDITION STATEMENT
Edition statement 1st ed
260 ## - PUBLICATION, DISTRIBUTION, ETC.
Place of publication, distribution, etc. Longmans
Name of publisher, distributor, etc. London
Date of publication, distribution, etc. 1935
300 ## - PHYSICAL DESCRIPTION
Extent 94 p
Other physical details 35 Charts
Dimensions illus
Accompanying material 19 cm
505 ## - FORMATTED CONTENTS NOTE
Formatted contents note Introduction (Page-13), Malnutrition: The Dangers of Complacency (Page-15), The purpose of Food (Page-20), A Complete Diet (Page-22), Vitamins (Page-32), The Effects of Diets Deficient in Vitamins (Page-37), The Quantity of Food Required (Page-42), Composition of the Standard Diet (Page-50), A Typical Day’s Food for an Adult (Page-62), Large Scale Catering for Schools and Institutions (Page-65), Economical Diets (Page-74), Notes on Foodstuffs (Page-82).
600 ## - SUBJECT ADDED ENTRY--PERSONAL NAME
Personal name Violet G. Plimmer
9 (RLIN) 112123
650 ## - SUBJECT ADDED ENTRY--TOPICAL TERM
Topical term or geographic name entry element Food values at a glance
9 (RLIN) 112124
942 ## - ADDED ENTRY ELEMENTS (KOHA)
Source of classification or shelving scheme
Koha item type Book
Holdings
Withdrawn status Lost status Source of classification or shelving scheme Damaged status Not for loan Permanent Location Current Location Shelving location Date acquired Full call number Barcode Date last seen Price effective from Koha item type Public note
          Military College of Signals (MCS) Military College of Signals (MCS) General Stacks 12/12/2016 641.3,PLI MCS29095 12/08/2016 12/12/2016 Book Almirah No.74, Shelf No.8
© 2023 Central Library, National University of Sciences and Technology. All Rights Reserved.